|
|
|
|
| LEADER |
00000cam a22000004a 4500 |
| 001 |
musev2_4176 |
| 003 |
MdBmJHUP |
| 005 |
20230905040519.0 |
| 006 |
m o d |
| 007 |
cr||||||||nn|n |
| 008 |
090504s2010 ilu o 00 0 eng d |
| 010 |
|
|
|z 2009016638
|
| 020 |
|
|
|a 9780809386895
|
| 020 |
|
|
|z 9780809329502
|
| 035 |
|
|
|a (OCoLC)613205862
|
| 040 |
|
|
|a MdBmJHUP
|c MdBmJHUP
|
| 043 |
|
|
|a n-us---
|
| 050 |
0 |
4 |
|a PE1405.U6
|b W67 2010
|
| 082 |
0 |
|
|a 808/.042072
|2 22
|
| 245 |
0 |
0 |
|a Working in the Archives :
|b Practical Research Methods for Rhetoric and Composition /
|c Alexis E. Ramsey ... [et al.].
|
| 264 |
|
1 |
|a Carbondale :
|b Southern Illinois University Press,
|c 2010.
|
| 264 |
|
3 |
|a Baltimore, Md. :
|b Project MUSE,
|c 2012
|
| 264 |
|
4 |
|c ©2010.
|
| 300 |
|
|
|a 1 online resource (336 pages):
|b ill. ;
|
| 336 |
|
|
|a text
|b txt
|2 rdacontent
|
| 337 |
|
|
|a computer
|b c
|2 rdamedia
|
| 338 |
|
|
|a online resource
|b cr
|2 rdacarrier
|
| 504 |
|
|
|a Includes bibliographical references and index.
|
| 505 |
0 |
0 |
|t Invigorating historiographic practices in rhetoric and composition studies /
|r Cheryl Glenn and Jessica Enoch --
|t Archival survival : navigating historical research /
|r Lynee Lewis Gaillet --
|t Open to the possibilities : seven tales of serendipity in the archives /
|r Lori Ostergaard --
|t Invisible hands : recognizing archivists' work to make records accessible /
|r Sammie L. Morris and Shirley K. Rose --
|t Viewing the archives : the hidden and the digital /
|r Alexis E. Ramsey --
|t Locating the archives : finding aids and archival scholarship in composition and rhetoric /
|r Chris Warnick --
|t Searching and seeking in the deep Web : primary sources on the Internet /
|r Elizabeth Yakel --
|t Finding and researching photographs /
|r Helena Zinkham --
|t Looking for letters /
|r Margaret J. Marshall --
|t Reading the archive of freshman English /
|r Thomas Masters --
|t Journeying into the archives : exploring the pragmatics of archival research /
|r Katherine E. Tirabassi --
|t (En)gendering the archives for basic writing research /
|r Kelly Ritter --
|t Archival research as a social process /
|r Neal Lerner --
|t Emergent taxonomies : using tension and forum to organize primary texts /
|r Tarez Samra Graban --
|t The guilty pleasures of working with archives /
|r Linda S. Bergmann --
|t The personal as method and place as archives : a synthesis /
|r Liz Rohan --
|t Keeping the conversation going : the archive thrives on interviews and oral history /
|r Brad E. Lucas and Margaret M. Strain --
|t Deep sea diving : building an archive as the basis for composition studies research /
|r Lynn Z. Bloom --
|t Autobiography of an archivist /
|r Nan Johnson.
|
| 588 |
|
|
|a Description based on print version record.
|
| 650 |
|
0 |
|a Rhetoric
|x Archival resources.
|
| 650 |
|
0 |
|a English language
|x Rhetoric
|x Research
|x Methodology.
|
| 650 |
|
0 |
|a English language
|x Rhetoric
|x Study and teaching
|z United States.
|
| 655 |
|
7 |
|a Electronic books.
|2 local
|
| 700 |
1 |
|
|a Ramsey, Alexis E.,
|d 1979-
|
| 710 |
2 |
|
|a Project Muse.
|e distributor
|
| 830 |
|
0 |
|a Book collections on Project MUSE.
|
| 856 |
4 |
0 |
|z Texto completo
|u https://projectmuse.uam.elogim.com/book/4176/
|
| 945 |
|
|
|a Project MUSE - Custom Collection
|
| 945 |
|
|
|a Project MUSE - 2010 Higher Education
|
| 945 |
|
|
|a Project MUSE - 2010 Complete
|